| 000 | 02345cam a22005414i 4500 | ||
|---|---|---|---|
| 003 | PE-LiUPU | ||
| 005 | 20250731184528.0 | ||
| 008 | 150623s r 000 0 d | ||
| 020 | _a0931464641 | ||
| 035 | _a(Sirsi) i9780931464645 | ||
| 040 |
_aPE-LiUPU _bspa _cPE-LiUPU _erda |
||
| 049 | _aPRUA | ||
| 082 | 0 | 4 |
_a935 _bS72 _221 |
| 100 | 1 |
_aMorrison, Martha A., _eautor. |
|
| 245 | 1 | 4 |
_aThe Eastern archives of Nuzi by Martha A. Morrison. And, Excavations at Nuzi 9/2 / _c[compilado por] Lacheman Ernest R., Martha A. Morrison y David I. Owen. |
| 264 | 1 |
_aWinona Lake, Indiana : _bEisenbrauns, _c1993. |
|
| 300 |
_a420 páginas : _bilustraciones, cuadros, láms. ; _c26 centímetros |
||
| 336 |
_atext _2rdacontent |
||
| 337 |
_aunmediated _2rdamedia |
||
| 338 |
_avolume _2rdacarrier |
||
| 490 | 0 |
_aStudies on the civilization and culture of Nuzi and the Hurrians ; _v4 |
|
| 500 | _aExcavations at Nuzi 9/2 compilado por Ernest R. Lacheman, Martha A. Morrison y David Owen. | ||
| 504 | _aBibliografía al pie de páginas. | ||
| 505 | 0 | _aThe eastern archives of Nuzi: Introduction. -The family of Huya: texts from group 18A. -The family of Ar-tura and Sehal-Tesup son of Tehup-senni. -Urhi-kusuh dumu-lugal and the family of Mus-apu. -The family of Pula-hali and the merchants. -The eastern archives: an overview. -Texts in the Harvard semitic museum excavations at Nuzi: Catalog of texts. -Index of SMN Numbers. -Index of Room Numbers. -List of scribes. -Copies of plates. | |
| 526 | _aP136 | ||
| 526 | _aP135 | ||
| 526 | _aP134 | ||
| 526 | _aP133 | ||
| 526 | _aP144 | ||
| 526 | _aP143 | ||
| 526 | _aP87 | ||
| 526 | _aP35 | ||
| 526 | _aP20 | ||
| 526 | _aP14 | ||
| 526 | _aP10 | ||
| 526 | _aP06 | ||
| 650 | 0 | 4 |
_aAcadio (Idioma) _vTextos. |
| 650 | 0 | 4 | _aHurritas. |
| 650 | 0 | 4 | _aNuzi (Ciudad extinta). |
| 700 | 1 |
_aLacheman, Ernest René, _d1906-, _ecomp. |
|
| 700 | 1 |
_aOwen, David I., _ecomp. |
|
| 942 |
_2ddc _cBOOK |
||
| 949 |
_a935 S72 _wDEWEY _c1 _i44744 _lCCODEBUL1 _mBUL _r0 _sY _tBOOK _u2015-6-24 _xTEOLOGIA _PP35 _0COMPRA _o.STAFF. Colección General |
||
| 994 |
_aC0 _bPEPRU |
||
| 596 | _a1 | ||
| 999 |
_a935 S72 _wDEWEY _c21610 _i44744 _d21610 _f2021-11-11 _g5 _lCCODEBUL1 _mBUL _q1 _r0 _sY _tBOOK _u2015-6-24 _xTEOLOGIA _PP35 _0COMPRA _o.STAFF. Colección General |
||
| 980 |
_81 _gALBERTO SANCHEZ Responsable de Automatización |
||